| 000 | 00807nam a22002537a 4500 | ||
|---|---|---|---|
| 001 | 7991 | ||
| 003 | FISKH | ||
| 005 | 20250818102612.0 | ||
| 008 | 250818b cb ||||| |||| 00| 0 eng d | ||
| 020 | _a9780516200293 | ||
| 040 |
_aFISKH _beng _cFISKH _dFISKH |
||
| 050 | _aQH86 .F685 | ||
| 082 | _a574.5 | ||
| 100 | _aFowler, Allan | ||
| 245 |
_aSave the rain forests / _cby Allan Fowler |
||
| 260 |
_aNew York : _bChildren's Press, _c1996. |
||
| 300 |
_a31 pages : _bcolor illustrations ; _c19 cm |
||
| 505 | _aP | ||
| 520 | _aDiscusses the need to conserve the rain forests because of their wealth of plant and animal life, effect on weather, and importance to people throughout the world. | ||
| 521 | 8 |
_a620
_bLexile NC |
|
| 521 | 8 |
_aP
_bRaz-Plus |
|
| 942 |
_2ddc _cBK _n0 |
||
| 999 |
_c7991 _d7991 |
||